000 01069nam a2200241Ia 4500
003 Ost
005 20260507075053.0
008 260507s9999||||xx |||||||||||||| ||und||
040 _cfsecg
041 _aara
082 _a332.12
100 _aأبو ركبة، حسن عبد الله
_eمؤلف
245 0 _aالمزيج التسويقي لخدمات البنوك التجارية /
_c حسن عبد الله أبو ركبة
260 _aجدة:
_bمركز النشر العلمي,
_c1987
300 _a99 صفحة؛
_bإيضاحات ؛
_c24 سم
504 _aالمراجع ص.75 الملاحق ص.79
520 _aالبنوك التجارية والتنمية الاقتصادية بالمملكة، طبيعة وأهداف واسلوب الدراسة، تحليل الدراسة، النتائج والتوصيات
653 _aالبنوك
653 _aالتنمية الاقتصادية
700 _a مصطفى، أحمد سيد
_eمؤلف ثانوي
700 _aمكي،أحمد فاضل عباس
_eمؤلف ثانوي
942 _cكتاب
999 _c42690
_d42690